000 01305nam a2200301 i 4500
003 EG-GICUC
005 20260121101534.0
008 251223s1998 ts ||||fr|||| 00| 0 ara d
040 _a EG-GICUC
_bara
_c EG-GICUC
_d EG-GICUC
_erda
041 0 _aara
082 0 4 _221
_a345.45
_bع ب . ف
092 0 4 _221
099 _aLaw1 07 345.45 ع ب . ف 1998
100 0 _aعبد الله محمد محمود ارجمند
_eمؤلف.
245 1 0 _aفلسفة الإجراءات التأديبية للعاملين بالخدمة المدنية :
_bدراسة نظرية وتطبيقية مقارنة في دولة الإمارات العربية المتحدة والدول الأجنبية /
_cالدكتور عبد الله محمد محمود ارجمند.
264 3 _aدبي :
_bمطابع البيان التجارية،
_c1998.
300 _a441 صفحة ؛
_c24 سم.
336 _2rda content
_atext
337 _2rda media
_aComputer
338 _2rda carrier
_aOnline Resource
504 _a.413-430 ببليوجرافيا: صفحات
546 _aالنص باللغة العربية
650 1 4 _aالسلطات التاديبية
650 1 4 _aالقانون الإداري
856 4 0 _uhttps://fll.law.cu.edu.eg/fulltext/bks/B07-01586.pdf
905 _a77
942 _2ddc
_cBK
_e21
_n0
999 _c52269
_d52269